[Catálogo de documentos para la historia de Campeche] /
Al formarse el Museo de Arqueología, Etnografía e Historia, dependiente del Gobierno del Estado de Campeche, las señoras María Lavalle viuda de Carvajal y Josefa Aznar de Bojórquez, cedieron los antiguos papeles de sus respectivas familias. Todos estos documentos tienen importancia para la historia...
Guardado en:
| Autor principal: | |
|---|---|
| Formato: | Libro |
| Idioma: | Español |
| Temas: | |
| Etiquetas: |
Sin etiquetas, Sé el primero en etiquetar este registro!
|
MARC
| LEADER | 00000nam^a2200000^a^4500 | ||
|---|---|---|---|
| 001 | 000130992 | ||
| 005 | 20250521000000.0 | ||
| 009 | 20260310095005.935 | ||
| 037 | |a Acervo ITESO - Biblioteca | ||
| 041 | |a ESP | ||
| 082 | |a 972. 64 |b PER | ||
| 100 | |a Pérez Galaz, Juan de Dios |e (comp.) | ||
| 245 | 1 | 1 | |a [Catálogo de documentos para la historia de Campeche] / |c Comp. de J.D. Pérez Galaz. |
| 264 | |a Campeche, México : |b editorial no identificada, |c 1941 | ||
| 300 | |a 75 p. | ||
| 336 | |a texto |b txt |2 rdacontenido | ||
| 337 | |a sin mediación |b n |2 rdamedio | ||
| 338 | |a volumen |b nc |2 rdasoporte | ||
| 520 | |a Al formarse el Museo de Arqueología, Etnografía e Historia, dependiente del Gobierno del Estado de Campeche, las señoras María Lavalle viuda de Carvajal y Josefa Aznar de Bojórquez, cedieron los antiguos papeles de sus respectivas familias. Todos estos documentos tienen importancia para la historia del estado, por la participación de estas familias en sucesos de cierta importancia. Este breve folleto es un catálogo de estos documentos. | ||
| 649 | |a XX | ||
| 650 | |a Catálogos de Archivos - |z Campeche | ||
| 650 | |a Catálogos de Archivos - |z México | ||
| 650 | |a Archivos - |z Campeche | ||
| 650 | |a Archivos - |z México | ||
| 650 | |a Campeche - |x Historia - |x Documentos | ||
| 650 | |a México - |x Historia - |x Documentos | ||
| 910 | |a Fondo Salvador Reynoso Reynoso | ||
| 920 | |a Impresos - Libros | ||
| 930 | |a Fondos Especiales | ||
| 905 | |a 112 | ||
| 901 | |a 0800011799 |b IT2 |c ESP |u 20250521 | ||
| 902 | |a https://opac.biblio.iteso.mx/vufind/Record/000130992 | ||